Catalog

Record Details

Catalog Search



Protecting Chips Against Hold Time Violations Due to Variability Cover Image E-book E-book

Protecting Chips Against Hold Time Violations Due to Variability [electronic resource] / by Gustavo Neuberger, Gilson Wirth, Ricardo Reis.

Neuberger, Gustavo. (author.). Wirth, Gilson. (author.). Reis, Ricardo. (author.). SpringerLink (Online service) (Added Author).

Record details

  • ISBN: 9789400724273
  • Physical Description: XI, 107 p. 76 illus., 51 illus. in color. online resource.
  • Publisher: Dordrecht : Springer Netherlands : 2014.
Subject: Engineering.
Computer science.
Systems engineering.
Engineering.
Circuits and Systems.
Processor Architectures.

Electronic resources


LDR 01476nam a22003975i 4500
00127609
003CONS
00520131007044013.0
007cr nn 008mamaa
008131001s2014 ne | s |||| 0|eng d
020 . ‡a9789400724273 ‡9978-94-007-2427-3
0247 . ‡a10.1007/978-94-007-2427-3 ‡2doi
035 . ‡a(DE-He213)978-94-007-2427-3
050 4. ‡aTK7888.4
072 7. ‡aTJFC ‡2bicssc
072 7. ‡aTEC008010 ‡2bisacsh
1001 . ‡aNeuberger, Gustavo. ‡eauthor.
24510. ‡aProtecting Chips Against Hold Time Violations Due to Variability ‡h[electronic resource] / ‡cby Gustavo Neuberger, Gilson Wirth, Ricardo Reis.
264 1. ‡aDordrecht : ‡bSpringer Netherlands : ‡bImprint: Springer, ‡c2014.
300 . ‡aXI, 107 p. 76 illus., 51 illus. in color. ‡bonline resource.
336 . ‡atext ‡btxt ‡2rdacontent
337 . ‡acomputer ‡bc ‡2rdamedia
338 . ‡aonline resource ‡bcr ‡2rdacarrier
347 . ‡atext file ‡bPDF ‡2rda
650 0. ‡aEngineering.
650 0. ‡aComputer science.
650 0. ‡aSystems engineering.
65014. ‡aEngineering.
65024. ‡aCircuits and Systems.
65024. ‡aProcessor Architectures.
7001 . ‡aWirth, Gilson. ‡eauthor.
7001 . ‡aReis, Ricardo. ‡eauthor.
7102 . ‡aSpringerLink (Online service)
7730 . ‡tSpringer eBooks
77608. ‡iPrinted edition: ‡z9789400724266
85640. ‡uhttp://biblioteca.ipicyt.edu.mx:2048/login?url=http://dx.doi.org/10.1007/978-94-007-2427-3 ‡yTexto completo ‡9CONS
950 . ‡aEngineering (Springer-11647)
901 . ‡a27609 ‡b ‡c27609 ‡tbiblio ‡sSystem Local

Additional Resources